A comparative study of creative personality characteristics of Malaysian entrepreneurs and non-entrepreneurs /
Saved in:
| Main Author: | |
|---|---|
| Format: | Thesis Book |
| Language: | English |
| Published: |
2004.
|
| Subjects: | |
| Tags: |
Add Tag
No Tags, Be the first to tag this record!
|
| LEADER | 01101cam a2200253 a 4500 | ||
|---|---|---|---|
| 001 | u707005 | ||
| 003 | SIRSI | ||
| 008 | 050604s2004 my t 00 eng m | ||
| 040 | |a UMK |d UMM | ||
| 043 | |a a-my--- | ||
| 090 | |a HF1008 |b UM 2004 Ana | ||
| 098 | |a HF1008 |b UM 2004 Ana | ||
| 100 | 0 | 0 | |a Ananda Kumar Palaniappan |
| 245 | 1 | 2 | |a A comparative study of creative personality characteristics of Malaysian entrepreneurs and non-entrepreneurs / |c Ananda Kumar s/o Palaniappan. |
| 260 | |c 2004. | ||
| 300 | |a 87 leaves : |b ill. ; |c 30 cm. | ||
| 502 | |a Dissertation (M.B.A.) -- Fakulti Perniagaan dan Perakaunan, Universiti Malaya, 2004. | ||
| 504 | |a Bibliography: leaves 81-83. | ||
| 650 | 0 | |a Businesspeople |z Malaysia | |
| 650 | 0 | |a Creative ability |x Economic aspects |z Malaysia. | |
| 710 | 2 | 0 | |a Universiti Malaya. |b Fakulti Perniagaan dan Perakaunan. |
| 596 | |a 1 19 | ||
| 999 | |a HF1008 UM 2004 ANA |w LC |c 1 |i A511897540 |d 20/12/2015 |e 20/12/2015 |f 11/8/2005 |g 2 |l STACKS |m P01UTAMA |n 13 |r Y |s Y |t TESIS |u 10/8/2005 | ||
| 999 | |a HF1008 UM 2004 ANA |w LC |c 1 |i A511854587 |d 14/9/2005 |f 14/9/2005 |g 1 |l STACKS |m P19KOTA |r Y |s Y |t TESIS |u 14/9/2005 | ||
